Deal making 2.0: (Registro nro. 11070)

Detalles MARC
000 -LEADER
fixed length control field 00350 a2200121 4500
001 - CONTROL NUMBER
control field ART_15634
005 - DATE AND TIME OF LATEST TRANSACTION
control field 20260410161616.0
008 - FIXED-LENGTH DATA ELEMENTS--GENERAL INFORMATION
fixed length control field 260409a
100 1# - MAIN ENTRY--PERSONAL NAME
Personal name Sebenius, James K.
245 10 - TITLE STATEMENT
Title Deal making 2.0:
700 1# - ADDED ENTRY--PERSONAL NAME
Personal name Lax, David A.
773 0# - HOST ITEM ENTRY
Title Harvard Business Review
Related parts Change faster - Vol. 90, Nº 11 (nov. 2012)
Record control number REV340

No hay ítems disponibles.